000 00427nam a2200181Ia 4500
005 20240823011901.0
008 240823s9999||||xx |||||||||||||| ||und||
041 _aENGLISH
082 _A621.3987 P2
100 _a"Whitaker,Jerry C"
245 0 _aElectronic Displays
250 _a1st
260 _c2002
_b"TMH,New Delhi"
500 _aTRANSFERED
650 _aElectronics
_bElectronics
942 _cBK
999 _c162824
_d162824